Welcome to the Holygrace Academy Library

Please use search bar below to get started

GRAT INVENTIONS EVERYDAY LIFE (Record no. 6235)

MARC details
000 -LEADER
fixed length control field 00280nam a22001337a 4500
020 ## - INTERNATIONAL STANDARD BOOK NUMBER
ISBN 0-431-13237-2
082 ## - DEWEY DECIMAL CLASSIFICATION NUMBER
Classification number 001
Item number DOW/E
100 ## - MAIN ENTRY--AUTHOR NAME
Personal name DOWSWELL, PAUL
245 ## - TITLE STATEMENT
Title GRAT INVENTIONS EVERYDAY LIFE
260 ## - PUBLICATION, DISTRIBUTION, ETC. (IMPRINT)
Place of publication USA
Name of publisher HEINEMANN
300 ## - PHYSICAL DESCRIPTION
Number of Pages 48
650 ## - SUBJECT ADDED ENTRY--TOPICAL TERM
Topical Term GK
Geographic subdivision USA
942 ## - ADDED ENTRY ELEMENTS (KOHA)
Koha item type Books
Holdings
Withdrawn status Lost status Collection code Home library Current library Shelving location Date acquired Source of acquisition Full call number Accession Number Koha item type
    G.K Main Library Main Library SHELF-17E-SCIENCE RELATED BOOKS 10/10/2006 PURCHASE 001 DOW/E 01891 Books